Loading...
Science - Physics | 0 | 13 | 1 | 1 | 125 | 52 | 87.54 | 1 | 5 |
Science - Other Science | 0 | 6 | 2 | 3 | 50 | 97 | 119.50 | 0 | 0 |
Philosophy | 0 | 5 | 0 | 1 | 50 | 78 | 119.00 | 0 | 1 |
Science - Chemistry | 0 | 3 | 0 | 1 | 30 | 56 | 94.00 | 0 | 1 |
Social Science | 0 | 2 | 0 | 1 | 20 | 129 | 137.00 | 0 | 0 |
Geography | 0 | 2 | 0 | 1 | 20 | 89 | 110.50 | 0 | 0 |
Science - Biology | 0 | 2 | 0 | 0 | 20 | 42 | 66.50 | 0 | 1 |
Fine Arts - Classical Music | 0 | 2 | 0 | 0 | 20 | 117 | 128.50 | 0 | 0 |
Any History | 0 | 1 | 0 | 0 | 10 | 50 | 50.00 | 0 | 1 |
Fine Arts - Other Fine Arts | 0 | 1 | 0 | 1 | 10 | 143 | 143.00 | 0 | 0 |
Literature - American Literature | 0 | 1 | 0 | 0 | 10 | 130 | 130.00 | 0 | 0 |
Other Academic | 0 | 1 | 1 | 0 | 5 | 103 | 103.00 | 0 | 0 |
History - European History | 0 | 0 | 1 | 0 | -5 | 0.00 | 0 | 0 |